000 00657nam a2200289Ia 4500
005 20260324141209.0
008 008 260324s9999 xx 000 0 eng d
020 _a9781003072027
037 _aEBOOK
040 _aCRL
040 _beng
040 _cCRL
041 _2eng
041 _aeng
084 _qCRL
100 _aMichael J. Kami
_91207292
245 0 _aManagement Golf
245 0 _bWhat's Your Handicap?
260 _bTaylor and Francis
260 _c1997
365 _a
365 _b290
856 _uhttp://www.taylorfrancis.com/books/9781003072027
942 _cEBOOK
999 _c1810109
_d1810109